The Need for More and Better Implementation of Sustainability in the Marketing Curriculum

Gespeichert in:
Bibliographische Detailangaben
1. Verfasser: Chomová, Katarína, 1983-
Format: Buchkapitel
Sprache:Englisch
Schlagworte:
Tags: Tag hinzufügen
Keine Tags, Fügen Sie das erste Tag hinzu!

MARC

LEADER 00000naa a2200000 4500
001 0290262
005 20240502083938.5
041 0 |a eng 
044 |a CZ 
245 1 0 |a The Need for More and Better Implementation of Sustainability in the Marketing Curriculum  |c Katarína Chomová 
500 |a Abstrakt 
610 2 0 |a vzdelávanie 
610 2 0 |a školy vysoké 
610 2 0 |a rozvoj trvalo udržateľný 
610 2 0 |a marketing 
610 2 0 |a udržateľnosť 
610 2 0 |a študenti 
100 1 |a Chomová, Katarína, 1983-